8 mots dans mots : boa (mort subite) - Statistiques

Statistiques générales
  • Ce quiz a été pris 43 fois
  • Le résultat moyen est 6 sur 8
Answers on the Grid
Answers color-coded by a green-red scale on the quiz's grid according to % correct below.
Story- ---rd
Va---onder
Jéro---m
Body---rd
Désab---ement
Snow---rdeur
Ra---grissement
---t people
E---bouiller
Paraboliq---ent
Fun---rd
Surabo---mment
Ferry----t
Co---borationniste
Anabol---nte
Tur---lternateur
 
Statistiques - réponses
Réponse % Correct
Snow---rdeur
93%
Story- ---rd
93%
Ferry----t
83%
---t people
83%
Fun---rd
81%
Body---rd
79%
Tur---lternateur
67%
Jéro---m
60%
Aucun quiz correspondant
Distribution des résultats
% des personnes avec chaque résultat
Percentile par nombre de réponses
Votre historique - résultats
Vous n’avez pas pris ce quiz